[Event "East Lansing (MOR/4/3)"]
[Site "?"]
[Date "1993.??.??"]
[Round "?"]
[White "Mankiewicz, Ryan"]
[Black "Smith, Rob"]
[Result "1-0"]
[WhiteElo "1625"]
[BlackElo "1760"]
[PlyCount "87"]
[EventDate "1993.??.??"]

{4/(3)} 1. e4 c5 2. Nf3 d6 3. d4 cxd4 4. Nxd4 Nf6 5. Nc3 a6 6. Be2 e5 7. Nb3 b5
8. a4 b4 9. Nd5 Nxe4 10. Bf3 Nxf2 11. Kxf2 Bb7 12. Be3 Nd7 13. Rf1 e4 14. Be2
Nf6 15. Bb6 e3+ 16. Kg1 Qd7 17. Nc7+ Ke7 18. Nxa8 Bxa8 19. Bxe3 Bb7 20. Bf3 Ne4
21. Bxe4 Bxe4 22. Qe2 Qb7 23. Bd4 f5 24. Rxf5 Kd7 25. Rf7+ Be7 26. Re1 Qd5 27.
Rxe7+ Kxe7 28. Qxe4+ Qxe4 29. Rxe4+ Kf7 30. Nd2 Rc8 31. c3 bxc3 32. Bxc3 g6 33.
Rb4 Rc6 34. Rb7+ Kg8 35. Rg7+ Kf8 36. Rxh7 Ke8 37. Rg7 d5 38. Nf3 Rd6 39. Ne5
d4 40. Rg8+ Ke7 41. Bb4 Ke6 42. Rxg6+ Kxe5 43. Rxd6 Ke4 44. Rxa6 1-0

[Event "East Lansing (MOR/6/1)"]
[Site "?"]
[Date "1993.??.??"]
[Round "?"]
[White "Mankiewicz, Ryan"]
[Black "Sledge, Ernest"]
[Result "1-0"]
[WhiteElo "1625"]
[BlackElo "1770"]
[PlyCount "105"]
[EventDate "1993.??.??"]

{6/(1)} 1. c4 e5 2. Nc3 Nf6 3. g3 Be7 4. Bg2 c6 5. e3 O-O 6. Nge2 d5 7. cxd5
cxd5 8. d4 e4 9. O-O Bd7 10. Qb3 Bc6 11. Bd2 Qd7 12. Rfc1 Na6 13. a3 Nc7 14.
Nf4 Ne6 15. Bh3 Qd6 16. Nb5 Qd7 17. Nc3 a6 18. Nce2 g5 19. Nxe6 fxe6 20. Bb4 g4
21. Bxe7 Qxe7 22. Bg2 Nh5 23. Nf4 Nxf4 24. exf4 h5 25. Qd1 Qg7 26. h4 Rac8 27.
Qd2 Bb5 28. Bf1 Bxf1 29. Kxf1 Rc4 30. Rxc4 dxc4 31. Qe3 Qg6 32. Re1 Rd8 33.
Qxe4 Qxe4 34. Rxe4 Kf7 35. Ke2 b5 36. Kd2 a5 37. Kc3 Rd5 38. Re5 Rxe5 39. dxe5
Kg6 40. Kd4 Kf5 41. Kc5 Ke4 42. Kxb5 Kf3 43. f5 Kxf2 44. f6 Kxg3 45. f7 Kxh4
46. f8=Q g3 47. Qf1 Kg4 48. Qxc4+ Kf3 49. Qxe6 g2 50. Qd5+ Kf2 51. Qxg2+ Kxg2
52. e6 h4 53. e7 1-0

[Event "Ann Arbor (HVA/2/19)"]
[Site "?"]
[Date "1993.??.??"]
[Round "?"]
[White "Mankiewicz, Ryan"]
[Black "Gregg, Ted"]
[Result "1-0"]
[WhiteElo "1605"]
[BlackElo "1605"]
[PlyCount "75"]
[EventDate "1993.??.??"]

{2/(19)} 1. c4 c5 2. Nc3 e6 3. g3 f5 4. Bg2 Nf6 5. b3 d5 6. cxd5 exd5 7. e3 Be6
8. Nf3 Ne4 9. Bb2 Nc6 10. d3 Nf6 11. Ng5 Qd7 12. Nb5 O-O-O 13. O-O Be7 14. Nxe6
Qxe6 15. d4 Ne4 16. dxc5 Bf6 17. Nd4 Bxd4 18. exd4 Rhe8 19. Re1 Qh6 20. Bxe4
fxe4 21. Bc1 Qf6 22. Be3 Rf8 23. Qd2 h6 24. b4 a6 25. a4 Ne7 26. b5 Nf5 27.
Rec1 Nxe3 28. Qxe3 Rd7 29. c6 Rdf7 30. Ra2 Qg5 31. cxb7+ Kxb7 32. bxa6+ Ka7 33.
Qxg5 hxg5 34. Rc6 Rf6 35. Rac2 Rxc6 36. Rxc6 Rf6 37. Rxf6 gxf6 38. h4 1-0

[Event "Ann Arbor (HVA/5/14)"]
[Site "?"]
[Date "1993.??.??"]
[Round "?"]
[White "Mankiewicz, Ryan"]
[Black "Davis, Michael"]
[Result "1-0"]
[WhiteElo "1605"]
[BlackElo "1605"]
[PlyCount "120"]
[EventDate "1993.??.??"]

{5/(14)} 1. e4 e6 2. d4 c5 3. c3 b6 4. Nf3 Bb7 5. Bd3 Ne7 6. Be3 Ng6 7. Nbd2
Be7 8. O-O d5 9. Bb5+ Nd7 10. exd5 exd5 11. Qa4 a6 12. Bxd7+ Qxd7 13. Qxd7+
Kxd7 14. dxc5 bxc5 15. Nb3 Rac8 16. Rad1 Rhd8 17. Rfe1 f6 18. Nbd2 Ke8 19. Nb3
Kf7 20. Nc1 Bd6 21. Ne2 Ne5 22. Nxe5+ Bxe5 23. Bf4 Re8 24. Bxe5 fxe5 25. Nc1 c4
26. Ne2 g5 27. f3 a5 28. Ng3 Kg6 29. Rd2 Re6 30. Nf1 Rd8 31. Ne3 Rdd6 32. Red1
Rb6 33. Nxd5 Bxd5 34. Rxd5 Rxb2 35. Rxa5 Rc2 36. Re1 Kf5 37. Re3 h5 38. Rc5
Rxa2 39. Rxc4 Rd6 40. Rce4 Ra5 41. Kf2 h4 42. Re2 Rc5 43. Rc2 Rd1 44. h3 Rd6
45. Ke2 Rd7 46. Re3 Rc4 47. Rd3 Re7 48. Rd5 Kf4 49. Kd3 Rec7 50. Rb5 R7c6 51.
Rb4 Rxb4 52. cxb4 Rxc2 53. Kxc2 Kg3 54. b5 Kxg2 55. b6 Kxh3 56. b7 Kg3 57. b8=Q
Kxf3 58. Qxe5 g4 59. Qh2 h3 60. Kd2 g3 1-0

[Event "East Lansing (MOR/2/2)"]
[Site "?"]
[Date "1993.??.??"]
[Round "?"]
[White "Mankiewicz, Ryan"]
[Black "Brooks, Brion"]
[Result "1-0"]
[WhiteElo "1625"]
[BlackElo "1770"]
[PlyCount "153"]
[EventDate "1993.??.??"]

{2/(2)} 1. c4 Nf6 2. g3 g6 3. Nc3 Bg7 4. Bg2 d6 5. Nf3 O-O 6. O-O c5 7. d3 Nc6
8. Bg5 Rb8 9. Qb3 a6 10. Bxf6 Bxf6 11. Nd5 Bg7 12. a4 e6 13. Nc3 Na7 14. Nd2
Qd7 15. Nde4 b6 16. Rfb1 Bb7 17. Qc2 f5 18. Nd2 Bxg2 19. Kxg2 b5 20. axb5 axb5
21. Nxb5 Nxb5 22. cxb5 Qxb5 23. Ra2 Ra8 24. Rba1 Rxa2 25. Rxa2 Rb8 26. b3 Qc6+
27. f3 d5 28. Ra5 Rb5 29. Qa2 Bc3 30. Ra8+ Kg7 31. Nb1 Bd4 32. Qa4 Rb6 33. Ra7+
Kh6 34. Qa5 Be3 35. Qc3 d4 36. Qc4 Qb5 37. Na3 Qxc4 38. bxc4 Rb2 39. Kf1 Ra2
40. Nb5 Rxa7 41. Nxa7 Kg7 42. Nc6 Kf6 43. Nd8 Bd2 44. Nb7 Bb4 45. Nd6 Ke7 46.
Nb5 Kd7 47. Kf2 Bd2 48. g4 fxg4 49. fxg4 h5 50. gxh5 gxh5 51. Kg3 Bg5 52. Kf3
e5 53. Ke4 Ke6 54. Nc7+ Kd6 55. Ne8+ Ke7 56. Ng7 Bf4 57. h3 h4 58. Nf5+ Kf6 59.
Nxh4 Bd2 60. Nf3 Bf4 61. Kd5 Kf5 62. Kxc5 Bg3 63. Kd5 Kf4 64. Nxe5 Ke3 65. Nc6
Kxe2 66. Kxd4 Bf2+ 67. Ke4 Kd2 68. d4 Kc3 69. d5 Kxc4 70. d6 Kc5 71. d7 Bh4 72.
d8=Q Bxd8 73. Nxd8 Kd6 74. Kf5 Ke7 75. Kg6 Kf8 76. Kh7 Ke7 77. Kg7 1-0

[Event "Troy (TCC/A/1b/5)"]
[Site "?"]
[Date "1993.??.??"]
[Round "?"]
[White "Manion, Tom"]
[Black "Ward, Tim"]
[Result "0-1"]
[WhiteElo "1835"]
[BlackElo "1900"]
[PlyCount "112"]
[EventDate "1993.??.??"]

1. e4 e6 2. d3 d5 3. Nd2 c5 4. g3 Nc6 5. c3 Nf6 6. Bg2 Bd6 7. Ngf3 O-O 8. O-O
Ne5 9. Nxe5 Bxe5 10. f4 Bc7 11. e5 Nd7 12. Nf3 f6 13. Qe2 fxe5 14. fxe5 Qe8 15.
Bh3 b6 16. Bf4 h6 17. d4 a5 18. Qd2 Rf7 19. Bxh6 gxh6 20. Qxh6 Nxe5 21. dxe5
Rh7 22. Qg5+ Rg7 23. Qe3 Qh5 24. Bg2 Ba6 25. Rf2 Rf8 26. Re1 Rf5 27. Bf1 Bxf1
28. Rfxf1 Rg4 29. Rf2 Re4 30. Qd2 Rxf3 31. Rxf3 Rxe1+ 32. Kg2 Rxe5 33. Qf2 Rf5
34. Rxf5 Qxf5 35. Qe2 Be5 36. a3 d4 37. cxd4 Bxd4 38. b4 axb4 39. axb4 e5 40.
bxc5 bxc5 41. Qa2+ Kg7 42. Qd5 Qf7 43. Qe4 Qf2+ 44. Kh3 Qf8 45. Kh4 Qf6+ 46.
Kh3 c4 47. Qg4+ Qg6 48. Qd7+ Kh6 49. Qc8 c3 50. Qf8+ Kh7 51. Qe7+ Qg7 52. Qd8
c2 53. Qc8 Qh6+ 54. Kg2 c1=Q 55. Qf5+ Kh8 56. Qf7 Qg1+ 0-1

[Event "Eastpointe (EDO/5/12)"]
[Site "?"]
[Date "1993.??.??"]
[Round "?"]
[White "Manion, Tom"]
[Black "Rosebrook, G."]
[Result "1-0"]
[WhiteElo "1835"]
[BlackElo "1605"]
[PlyCount "53"]
[EventDate "1993.??.??"]

{5/(12)} 1. e4 c5 2. Nf3 Nf6 3. e5 Nd5 4. d4 e6 5. c4 Nb6 6. d5 d6 7. Nc3 Be7
8. Bf4 a6 9. a4 O-O 10. a5 N6d7 11. exd6 Bf6 12. Qd2 Re8 13. Be2 Bxc3 14. Qxc3
exd5 15. cxd5 Re4 16. Be3 b6 17. Bg5 f6 18. Be3 Bb7 19. Qc2 Bxd5 20. Bd3 Re6
21. Bxh7+ Kh8 22. axb6 Qxb6 23. O-O Qxd6 24. Nh4 Qb6 25. Rad1 Bb3 26. Qf5 Bxd1
27. Ng6+ 1-0

[Event "Eastpointe (EDO/4/14)"]
[Site "?"]
[Date "1993.??.??"]
[Round "?"]
[White "Manion, Tom"]
[Black "McFolley, John"]
[Result "1-0"]
[WhiteElo "1835"]
[BlackElo "1605"]
[PlyCount "68"]
[EventDate "1993.??.??"]

{4/(14)} 1. e4 e5 2. Nf3 Nc6 3. Bb5 a6 4. Ba4 Nf6 5. O-O d6 6. d4 b5 7. Bb3 Be7
8. Re1 Bg4 9. h3 Bxf3 10. Qxf3 Nxd4 11. Qg3 Rg8 12. f4 Nd7 13. Qg4 Bh4 14. Rf1
Nxb3 15. axb3 g6 16. Nc3 h5 17. Qf3 c6 18. Ne2 Qf6 19. g3 g5 20. fxe5 Qxf3 21.
Rxf3 g4 22. hxg4 hxg4 23. Rc3 Be7 24. exd6 Bxd6 25. Rxc6 Bc5+ 26. Kg2 a5 27.
Bf4 Rg6 28. Rxg6 fxg6 29. c3 Nb6 30. b4 axb4 31. Rxa8+ Nxa8 32. cxb4 Bxb4 33.
Nd4 Ke7 34. Nxb5 Nb6 {[0-1, 42?]} 1-0

[Event "Troy (TCC/A/5/7)"]
[Site "?"]
[Date "1993.??.??"]
[Round "?"]
[White "Manion, Tom"]
[Black "Mammen, B."]
[Result "1-0"]
[WhiteElo "1835"]
[BlackElo "1800"]
[PlyCount "49"]
[EventDate "1993.??.??"]

{5/(7)} 1. e4 c5 2. b3 Nc6 3. Bb2 d6 4. Nf3 Nf6 5. Nc3 a6 6. a4 Bg4 7. Be2 Rb8
8. d4 cxd4 9. Nxd4 Bxe2 10. Ndxe2 Qa5 11. O-O e6 12. Ng3 Be7 13. Nce2 O-O 14.
Nf4 Rbc8 15. Rc1 Rfd8 16. Nfh5 Qg5 17. f4 Qc5+ 18. Kh1 Nxh5 19. Nxh5 e5 20. f5
Qe3 21. f6 Bf8 22. fxg7 Be7 23. Qd5 Bf6 24. Nxf6+ Kxg7 25. Ng4 1-0

[Event "Eastpointe (EDO/1b/10)"]
[Site "?"]
[Date "1993.??.??"]
[Round "?"]
[White "Manion, Tom"]
[Black "Hartwig, W."]
[Result "1-0"]
[WhiteElo "1835"]
[BlackElo "1605"]
[PlyCount "32"]
[EventDate "1993.??.??"]

1. e4 c5 2. Nf3 Nc6 3. Nc3 g6 4. d4 cxd4 5. Nxd4 Bg7 6. Be3 Nf6 7. f3 O-O 8.
Qd2 e5 9. Ndb5 a6 10. Nd6 Qc7 11. Nc4 b5 12. Nb6 Rb8 13. Ncd5 Nxd5 14. Nxd5 Qa5
15. c3 f5 16. Bc5 Rf7 1-0

[Event "East Lansing (MI Op/5/13)"]
[Site "?"]
[Date "1993.??.??"]
[Round "?"]
[White "Malumphy, Joseph"]
[Black "Vandivier, Don"]
[Result "0-1"]
[WhiteElo "1980"]
[BlackElo "2065"]
[PlyCount "62"]
[EventDate "1993.??.??"]

{5/(13)} 1. e4 c5 2. Nf3 d6 3. d4 cxd4 4. Nxd4 Nf6 5. Nc3 a6 6. Bg5 e6 7. f4
Qc7 8. Qf3 Be7 9. O-O-O Nbd7 10. g4 b5 11. Bxf6 Nxf6 12. g5 Nd7 13. f5 Nc5 14.
h4 Bb7 15. fxe6 fxe6 16. b4 Rf8 17. Qe3 e5 18. Ndxb5 axb5 19. Bxb5+ Nd7 20. Qd3
O-O-O 21. Nd5 Bxd5 22. Qxd5 Nb6 23. Ba6+ Kb8 24. Qb5 Rf2 25. Qd3 d5 26. exd5
Bxb4 27. Qb3 Qc5 28. Kb1 Ka7 29. Bf1 Nxd5 30. Qa4+ Ba5 31. Rd3 Nc3+ 0-1

[Event "East Lansing (MI Op/7/22)"]
[Site "?"]
[Date "1993.??.??"]
[Round "?"]
[White "Malumphy, Joseph"]
[Black "Smith, Mike A"]
[Result "1-0"]
[WhiteElo "1980"]
[BlackElo "1920"]
[PlyCount "37"]
[EventDate "1993.??.??"]

{7/(22)} 1. e4 c6 2. d4 d5 3. e5 Bf5 4. Nf3 e6 5. Be2 Nd7 6. O-O c5 7. c4 cxd4
8. cxd5 exd5 9. Qxd4 Nb6 10. Bb5+ Bd7 11. Nc3 Bxb5 12. Nxb5 a6 13. Nd6+ Bxd6
14. exd6 Qxd6 15. Qxg7 Qf6 16. Re1+ Kd7 17. Ne5+ Kc7 18. Qxf7+ Qxf7 19. Nxf7
1-0

[Event "East Lansing (MI Op/3/9)"]
[Site "?"]
[Date "1993.??.??"]
[Round "?"]
[White "Malumphy, Joseph"]
[Black "Hankinson, Chris"]
[Result "1/2-1/2"]
[WhiteElo "1980"]
[BlackElo "2155"]
[PlyCount "128"]
[EventDate "1993.??.??"]

{3/(9)} 1. e4 g6 2. d4 Bg7 3. f4 d6 4. Nf3 Bg4 5. Be2 c5 6. c3 Qb6 7. Qb3 Qxb3
8. axb3 cxd4 9. Nxd4 Bxe2 10. Kxe2 Nc6 11. Nb5 Kd7 12. Be3 a6 13. Nd2 Rd8 14.
Nd4 Nf6 15. Kf3 h5 16. h3 h4 17. Nc4 Nxd4+ 18. cxd4 Kc7 19. Rhc1 Kb8 20. Ra5 d5
21. exd5 Rxd5 22. Rxd5 Nxd5 23. Ne5 Bxe5 24. dxe5 e6 25. Bf2 Ne7 26. Kg4 Nf5
27. Bb6 Ne7 28. Bf2 Nf5 29. Rc2 Rd8 30. Kg5 Nd4 31. Bxd4 Rxd4 32. Rf2 b5 33.
Kxh4 Kc7 34. Kg5 Kd7 35. g4 Ke7 36. h4 Rd3 37. Rc2 Rxb3 38. Rc7+ Ke8 39. Kf6
Rb4 40. Re7+ Kd8 41. Rxf7 Rxf4+ 42. Kxe6 Rxg4 43. Rd7+ Kc8 44. Rh7 a5 45. Kd6
Rd4+ 46. Kc6 Kd8 47. e6 b4 48. Kc5 Re4 49. Kd6 Rd4+ 50. Ke5 Rd2 51. Kf6 Rc2 52.
Kxg6 Rxb2 53. Ra7 Re2 54. Kf6 Rf2+ 55. Kg7 Rf5 56. Kg6 Rf4 57. h5 Re4 58. Kf5
Rh4 59. Kg5 Rh1 60. h6 b3 61. Rb7 a4 62. Kg6 a3 63. Rxb3 a2 64. Ra3 a1=Q
1/2-1/2

[Event "East Lansing (MI Op/2/9)"]
[Site "?"]
[Date "1993.??.??"]
[Round "?"]
[White "Malumphy, Joseph"]
[Black "Finegold, Ron"]
[Result "1/2-1/2"]
[WhiteElo "1980"]
[BlackElo "2190"]
[PlyCount "71"]
[EventDate "1993.??.??"]

{2/(9)} 1. e4 Nc6 2. d4 d5 3. e5 Bf5 4. f4 h5 5. Nf3 e6 6. Be3 Nh6 7. h3 Be4 8.
Nbd2 Nf5 9. Bf2 h4 10. Ng5 g6 11. Ndxe4 dxe4 12. Nxe4 Bh6 13. Nf6+ Kf8 14. d5
exd5 15. Nxd5 Kg7 16. Qf3 Ncd4 17. Qe4 Nxc2+ 18. Qxc2 Qxd5 19. Bd3 Qa5+ 20. Ke2
Bxf4 21. Bxf5 gxf5 22. Qxf5 Qxe5+ 23. Qxe5+ Bxe5 24. Kf3 Kg6 25. Rac1 Rh5 26.
Rc4 Rf5+ 27. Ke2 Re8 28. Re4 Rf4 29. Rxf4 Bxf4+ 30. Kf3 Bg5 31. Rd1 f5 32. Rd4
f4 33. Rd7 Bd8 34. Rd4 Bg5 35. Rd7 Bd8 36. Rd4 1/2-1/2

[Event "East Lansing (MI Op/4/28)"]
[Site "?"]
[Date "1993.??.??"]
[Round "?"]
[White "Malingkas, R."]
[Black "Sanborn, Richard"]
[Result "0-1"]
[WhiteElo "1935"]
[BlackElo "1835"]
[PlyCount "116"]
[EventDate "1993.??.??"]

{4/(28)} 1. e4 c5 2. Nc3 d6 3. g3 Nc6 4. Bg2 g6 5. d3 Bg7 6. Be3 Nf6 7. Qd2 O-O
8. Nce2 Ng4 9. c3 Nxe3 10. fxe3 Qc7 11. Nf3 Rb8 12. O-O a6 13. Rac1 b5 14. d4
Na5 15. b3 c4 16. b4 Nc6 17. Rf2 Bb7 18. d5 Ne5 19. Nxe5 Bxe5 20. Nd4 Bg7 21.
Rcf1 Rbe8 22. Bh3 Bc8 23. Bxc8 Qxc8 24. Kg2 Qa8 25. Nc6 Qb7 26. Ra1 e6 27. a4
exd5 28. exd5 Qb6 29. Re2 Re4 30. axb5 axb5 31. Nd4 Rfe8 32. Rae1 Bh6 33. Kf2
Ra8 34. Qc2 Re5 35. e4 Bg7 36. Kg2 Ree8 37. Nc6 Ra3 38. e5 dxe5 39. Nxe5 Qd6
40. Nf3 Rxe2+ 41. Qxe2 Qxd5 42. Qe8+ Bf8 43. Re3 Ra2+ 44. Re2 Rxe2+ 45. Qxe2 h6
46. Qe3 Bg7 47. Kf2 Qf5 48. Qd2 Qf6 49. Qd4 Qxf3+ 50. Kxf3 Bxd4 51. cxd4 Kf8
52. Ke4 Ke7 53. h3 f5+ 54. Ke3 Ke6 55. Kf4 c3 56. Ke3 Kd5 57. Kd3 c2 58. Kxc2
Kxd4 0-1

[Event "East Lansing (MI Op/1a/4)"]
[Site "?"]
[Date "1993.??.??"]
[Round "?"]
[White "Malingkas, R."]
[Black "Hahn, David"]
[Result "0-1"]
[WhiteElo "1935"]
[BlackElo "2240"]
[PlyCount "72"]
[EventDate "1993.??.??"]

1. Nf3 d6 2. d4 g6 3. e4 Nf6 4. Nc3 Bg7 5. Bg5 c6 6. a4 Qa5 7. Qd2 h6 8. Bf4 g5
9. Be3 Ng4 10. Be2 Nd7 11. Rb1 Nxe3 12. fxe3 Qb4 13. O-O Nb6 14. b3 c5 15. Nb5
Qxd2 16. Nxd2 O-O 17. dxc5 dxc5 18. Nc7 Rb8 19. Nd5 Nxd5 20. exd5 b6 21. e4 a6
22. c4 Bd7 23. h3 b5 24. axb5 axb5 25. g4 Bd4+ 26. Kg2 Bc3 27. Nf3 f6 28. Rfc1
b4 29. Ne1 Ra8 30. Nd3 Bd4 31. Rd1 Ra2 32. Kf1 f5 33. exf5 Bxf5 34. gxf5 Rxf5+
35. Ke1 Bc3+ 36. Rd2 Rxd2 0-1

[Event "East Lansing (MI Op/3/32)"]
[Site "?"]
[Date "1993.??.??"]
[Round "?"]
[White "Malingkas, R."]
[Black "Gregory, Kevin"]
[Result "1/2-1/2"]
[WhiteElo "1935"]
[BlackElo "1815"]
[PlyCount "58"]
[EventDate "1993.??.??"]

{3/(32)} 1. e4 c6 2. d4 d5 3. Nc3 dxe4 4. Nxe4 Bf5 5. Ng3 Bg6 6. Nf3 Nd7 7. h4
h6 8. h5 Bh7 9. Bd3 Bxd3 10. Qxd3 e6 11. Bd2 Ngf6 12. O-O-O Bd6 13. Ne4 Nxe4
14. Qxe4 Nf6 15. Qe2 Qb6 16. Ne5 Qc7 17. Kb1 O-O-O 18. g3 Bxe5 19. dxe5 Nd5 20.
c4 Ne7 21. Bc3 Rxd1+ 22. Rxd1 Rd8 23. g4 c5 24. f4 Rxd1+ 25. Qxd1 Qc6 26. Qe2
b6 27. b3 Kc7 28. Kb2 Qd7 29. Qe4 Qc6 1/2-1/2

[Event "Eastpointe (MI Action/6/8)"]
[Site "?"]
[Date "1993.??.??"]
[Round "?"]
[White "Mailing, Ian"]
[Black "Reeves, Andre"]
[Result "0-1"]
[WhiteElo "1970"]
[BlackElo "1735"]
[PlyCount "40"]
[EventDate "1993.??.??"]

{6/(8)} 1. e4 e6 2. d4 d5 3. e5 c5 4. c3 Nc6 5. Nf3 Qb6 6. a3 c4 7. Nbd2 Na5 8.
b4 cxb3 9. Rb1 Bd7 10. Nxb3 Ba4 11. Nfd2 Rc8 12. Qc2 Ne7 13. Qa2 Rxc3 14. Nc5
Qc6 15. Nxa4 Rxc1+ 16. Rxc1 Qxc1+ 17. Ke2 Nac6 18. f4 Nf5 19. Nb2 Ncxd4+ 20.
Kd3 Qc2# 0-1

[Event "Eastpointe (MI Action/4/9)"]
[Site "?"]
[Date "1993.??.??"]
[Round "?"]
[White "Mailing, Ian"]
[Black "McCarter, Robert"]
[Result "1-0"]
[WhiteElo "1970"]
[BlackElo "1700"]
[PlyCount "41"]
[EventDate "1993.??.??"]

{4/(9)} 1. e4 c5 2. d4 cxd4 3. c3 Nf6 4. e5 Nd5 5. cxd4 e6 6. Nc3 Bb4 7. Bd2
Nxc3 8. bxc3 Ba3 9. Qg4 Rg8 10. Bd3 g6 11. Ne2 d6 12. f4 h5 13. Qg3 dxe5 14.
fxe5 Be7 15. O-O Rh8 16. Rxf7 g5 17. Bg6 Kd7 18. Bxg5 Nc6 19. d5 exd5 20. e6+
Ke8 21. Rxe7+ 1-0

[Event "Eastpointe (MI Action/2/11)"]
[Site "?"]
[Date "1993.??.??"]
[Round "?"]
[White "Mailing, Ian"]
[Black "Collins, Charles"]
[Result "1-0"]
[WhiteElo "1970"]
[BlackElo "1700"]
[PlyCount "63"]
[EventDate "1993.??.??"]

{2/(11)} 1. e4 Nf6 2. e5 Nd5 3. c4 Nb6 4. d4 d6 5. exd6 cxd6 6. Nc3 Nc6 7. Be2
Bf5 8. Be3 e6 9. h3 Be7 10. Nf3 Rc8 11. Rc1 d5 12. c5 Nd7 13. Qa4 O-O 14. b4 a6
15. O-O b5 16. Qxa6 Nxb4 17. Qxb5 Rb8 18. Qa4 e5 19. Rfd1 exd4 20. Nxd4 Nxc5
21. Qa3 Bg6 22. Nc6 Nxc6 23. Bxc5 Ra8 24. Na4 Re8 25. Bb5 Qc7 26. Bxe7 Qxe7 27.
Qxe7 Nxe7 28. Bxe8 Rxe8 29. Re1 Kf8 30. Rc7 Nf5 31. Rxe8+ Kxe8 32. Kf1 1-0

[Event "Eastpointe (MI Action/2/19)"]
[Site "?"]
[Date "1993.??.??"]
[Round "?"]
[White "Mahabir, Jagdesh"]
[Black "Iyer, Krishnan"]
[Result "1-0"]
[WhiteElo "1605"]
[BlackElo "1605"]
[PlyCount "23"]
[EventDate "1993.??.??"]

{2/(19)} 1. e4 e5 2. Nf3 Nc6 3. Nc3 Nf6 4. Bc4 Bc5 5. d3 O-O 6. Be3 b6 7. O-O
Qe8 8. Nd5 Bd6 9. Nxf6+ gxf6 10. Bh6 Nd4 11. Nxd4 exd4 12. Qg4+ 1-0

[Event "Eastpointe (MI Action/6/21)"]
[Site "?"]
[Date "1993.??.??"]
[Round "?"]
[White "Mahabir, Jagdesh"]
[Black "Gramlich, Allen"]
[Result "0-1"]
[WhiteElo "1605"]
[BlackElo "1605"]
[PlyCount "56"]
[EventDate "1993.??.??"]

{6/(21)} 1. e4 d6 2. d4 Nf6 3. Nc3 g6 4. Nf3 Bg7 5. Be3 Bg4 6. Be2 O-O 7. Qd2
Nc6 8. d5 Bxf3 9. Bxf3 Ne5 10. O-O-O c5 11. dxc6 bxc6 12. h3 c5 13. b3 Nxf3 14.
gxf3 Qa5 15. a4 Qb4 16. Bh6 Bxh6 17. Qxh6 Qxc3 18. Rd3 Qa1+ 19. Kd2 Qxh1 20.
Qh4 Qa1 21. f4 Nxe4+ 22. Ke3 Qe1+ 23. Kf3 Nd2+ 24. Kg4 h5+ 25. Kg5 Kh7 26. f5
Qxf2 27. fxg6+ fxg6 28. Rd5 Qf6# 0-1

[Event "Eastpointe (MI Action/4/22)"]
[Site "?"]
[Date "1993.??.??"]
[Round "?"]
[White "Mahabir, Jagdesh"]
[Black "Boyle, John"]
[Result "0-1"]
[WhiteElo "1605"]
[BlackElo "1605"]
[PlyCount "60"]
[EventDate "1993.??.??"]

{4/(22)} 1. e4 c5 2. Nf3 d6 3. c3 Nf6 4. d3 g6 5. Be3 Bg7 6. Nbd2 Nc6 7. d4
cxd4 8. cxd4 O-O 9. Nb3 Nxe4 10. Bd3 Nf6 11. Qc1 Be6 12. Bh6 Rc8 13. Qd2 Qb6
14. Qe2 Bxh6 15. Bxg6 hxg6 16. Rd1 Qb4+ 17. Rd2 Bxd2+ 18. Nfxd2 Nxd4 19. a3
Qxb3 20. Nxb3 Nxe2 21. Kxe2 Bxb3 22. Kf3 Rc2 23. Re1 e6 24. Re3 Rxb2 25. Kf4
Rxf2+ 26. Kg5 Kg7 27. Rxb3 Rh8 28. g4 Rg2 29. h3 Rxh3 30. Rxh3 Rxg4# 0-1

[Event "Eastpointe (MI Action/2/27)"]
[Site "?"]
[Date "1993.??.??"]
[Round "?"]
[White "Mack, De"]
[Black "Hill, Brad"]
[Result "1-0"]
[WhiteElo "1605"]
[BlackElo "1605"]
[PlyCount "73"]
[EventDate "1993.??.??"]

{2/(27)} 1. d4 c6 2. c4 d5 3. e3 Bf5 4. Nc3 e6 5. Nf3 Bb4 6. cxd5 exd5 7. Bd2
Nf6 8. Nh4 Bg4 9. Be2 Bxc3 10. Bxc3 Bxe2 11. Qxe2 Ne4 12. Qg4 O-O 13. Bb4 Re8
14. Nf5 Qg5 15. Qxg5 Nxg5 16. Nd6 Re7 17. O-O b6 18. Rac1 a5 19. Nc8 Rc7 20.
Nxb6 Ra6 21. Bd6 Rb7 22. Na4 Ne4 23. Bxb8 Rxb8 24. b3 h6 25. Nc5 Nxc5 26. Rxc5
a4 27. Rfc1 axb3 28. axb3 Rxb3 29. g3 Rbb6 30. Re1 f5 31. f3 Rb2 32. Rec1 Raa2
33. Rxc6 Rg2+ 34. Kf1 Rxh2 35. Kg1 Rag2+ 36. Kf1 Rxg3 37. R6c2 1-0

[Event "Eastpointe (MI Action/3/17)"]
[Site "?"]
[Date "1993.??.??"]
[Round "?"]
[White "Mack, De"]
[Black "Herron, J."]
[Result "0-1"]
[WhiteElo "1605"]
[BlackElo "1715"]
[PlyCount "66"]
[EventDate "1993.??.??"]

{3/(17)} 1. d4 Nf6 2. c4 g6 3. Nc3 Bg7 4. e4 d6 5. Nf3 O-O 6. Bg5 h6 7. Bxf6
Bxf6 8. Bd3 c5 9. e5 cxd4 10. exf6 dxc3 11. bxc3 exf6 12. O-O Bg4 13. Be4 Qc7
14. Qd4 f5 15. Bd5 Nc6 16. Qd2 Kg7 17. Nh4 Rae8 18. Rfe1 g5 19. f3 gxh4 20.
fxg4 fxg4 21. Rxe8 Rxe8 22. Rf1 Ne5 23. Qf4 Rf8 24. Qf6+ Kg8 25. Qxh6 Qb6+ 26.
Kh1 Re8 27. Qh5 Qc7 28. Rf6 Kf8 29. Kg1 Ke7 30. Qxh4 Kd7 31. Qg5 Kc8 32. Qf5+
Kb8 33. Bxf7 Qb6+ 0-1

[Event "East Lansing (MOR/4/43)"]
[Site "?"]
[Date "1993.??.??"]
[Round "?"]
[White "MacLean, C."]
[Black "Zuniga, Jesus"]
[Result "1/2-1/2"]
[WhiteElo "1605"]
[BlackElo "1605"]
[PlyCount "81"]
[EventDate "1993.??.??"]

{4/(43)} 1. e4 c5 2. a3 Nc6 3. Bc4 e6 4. d3 d5 5. exd5 exd5 6. Bb3 Nd4 7. Ba4+
b5 8. Bb3 Nxb3 9. cxb3 Nf6 10. Bg5 Be7 11. Qe2 O-O 12. Nf3 Re8 13. O-O Bg4 14.
Nbd2 h6 15. Bh4 Qb6 16. h3 Bf8 17. Qd1 Bxf3 18. Qxf3 Be7 19. Rfe1 Rad8 20. Re2
g5 21. Bg3 Bf8 22. Rae1 Rxe2 23. Rxe2 Re8 24. Rxe8 Nxe8 25. Qxd5 Bg7 26. Be5
Nf6 27. Qa8+ Kh7 28. Ne4 Qe6 29. Nxf6+ Bxf6 30. Qe4+ Kg8 31. Bxf6 Qxf6 32. Qa8+
Kg7 33. Qxa7 Qxb2 34. Qxc5 Qxb3 35. Qd4+ f6 36. Qd7+ Kg6 37. Qe8+ Kg7 38. Qe7+
Kg6 39. Qe8+ Kg7 40. Qe7+ Kg6 41. Qe8+ 1/2-1/2

[Event "East Lansing (MOR/3/33)"]
[Site "?"]
[Date "1993.??.??"]
[Round "?"]
[White "MacLean, C."]
[Black "Winkelspecht, A."]
[Result "0-1"]
[WhiteElo "1605"]
[BlackElo "1605"]
[PlyCount "102"]
[EventDate "1993.??.??"]

{3/(33)} 1. e4 c6 2. d4 d5 3. e5 Bf5 4. Nc3 e6 5. Nf3 c5 6. Bg5 Qb6 7. b3 Be7
8. Na4 Qa5+ 9. Bd2 Qc7 10. Bb5+ Nd7 11. dxc5 Bxc5 12. Nxc5 Qxc5 13. Bxd7+ Kxd7
14. O-O Qxc2 15. Qxc2 Bxc2 16. Rfc1 Bg6 17. Ba5 b6 18. Bb4 Ne7 19. Nd4 Nf5 20.
Nb5 a6 21. Nd6 Nd4 22. Kf1 Nc2 23. Rxc2 Bxc2 24. Nxf7 Rhc8 25. Nd6 Bd3+ 26. Ke1
Rc2 27. Bd2 Rb2 28. Be3 b5 29. Nb7 Rb1+ 30. Rxb1 Bxb1 31. Nd6 Bxa2 32. b4 Bc4
33. Kd2 a5 34. Bc5 axb4 35. Nxc4 bxc4 36. Bxb4 Kc6 37. Kc3 Ra2 38. f4 Rxg2 39.
f5 Rg5 40. fxe6 Rxe5 41. e7 Re4 42. h4 Kd7 43. h5 Rxe7 44. Bxe7 Kxe7 45. Kd4
Ke6 46. Ke3 Ke5 47. Kd2 Ke4 48. Ke2 c3 49. Kd1 Kd3 50. Kc1 c2 51. h6 gxh6 0-1

[Event "East Lansing (MOR/6/42)"]
[Site "?"]
[Date "1993.??.??"]
[Round "?"]
[White "MacLean, C."]
[Black "Kenworthy, Mark"]
[Result "1/2-1/2"]
[WhiteElo "1605"]
[BlackElo "1605"]
[PlyCount "71"]
[EventDate "1993.??.??"]

{6/(42)} 1. e4 e5 2. Nf3 Nc6 3. d4 d6 4. dxe5 dxe5 5. Qxd8+ Kxd8 6. Nc3 Bb4 7.
Bc4 Ke7 8. a3 Bxc3+ 9. bxc3 Nf6 10. Ng5 Nd8 11. Bd3 h6 12. Nf3 Bg4 13. h3 Bh5
14. Nxe5 Ne6 15. g4 Bg6 16. Nxg6+ fxg6 17. Be3 g5 18. O-O-O h5 19. f3 b6 20.
Bc4 Rad8 21. Rxd8 Rxd8 22. Rd1 Rxd1+ 23. Kxd1 Nf4 24. Bxf4 gxf4 25. Ke2 hxg4
26. hxg4 g5 27. Kd3 Kd6 28. Kd4 c5+ 29. Kd3 Nd7 30. Bb5 Ne5+ 31. Ke2 Kc7 32.
Ba4 Kd6 33. Bb3 a6 34. Bd5 a5 35. c4 a4 36. Bg8 1/2-1/2